Die 10 umweltfreundlichsten Länder in Europa - Statistiken

Allgemein
  • Dieses Quiz wurde 108 mal gespielt
  • Das Durchschnittsergebnis liegt bei 8 aus 10
Antwortstatistiken
Platz EPI Land % Korrekt
7 70 Norwegen
94%
6 70,5 Schweden
93%
3 74,6 Deutschland
91%
9 68 Schweiz
90%
10 67,9 Dänemark
89%
4 73,7 Finnland
89%
8 69 Österreich
89%
2 75 Luxemburg
79%
1 75,3 Estland
75%
5 72,7 Vereinigtes Königreich
57%
Keine übereinstimmenden Quizze gefunden
Verteilung der Resultate
Anzahl Personen mit jedem Resultat
Perzentil nach korrekt beantworteten Fragen
Ihre Resultats-Entwicklung
Sie haben dieses Quiz noch nicht gespielt